[Event "Kaupthing Open Differdange"]
[Site "Differdange"]
[Date "2007.07.12"]
[Round "7.6"]
[White "Kritz, Leonid"]
[Black "Siebrecht, Sebastian"]
[Result "1/2-1/2"]
[WhiteElo "2571"]
[BlackElo "2431"]
[PlyCount "140"]
[EventType "swiss"]
[EventCountry "LUX"]

1. e4 c5 2. Nf3 e6 3. d4 cxd4 4. Nxd4 a6 5. Bd3 Bc5 6. Nb3 Be7 7. Qg4 g6 8. Qe2
d6 9. a4 b6 10. Na3 Nd7 11. Nc4 Bb7 12. O-O Qc7 13. a5 b5 14. Nb6 Nxb6 15. axb6
Qxb6 16. Na5 Nf6 17. Be3 Qc7 18. Bxb5+ axb5 19. Qxb5+ Qd7 20. Qxb7 Qxb7 21.
Nxb7 Kd7 22. e5 dxe5 23. Nc5+ Kc6 24. Nd3 Bd6 25. f3 Rhb8 26. Rxa8 Rxa8 27. c4
e4 28. fxe4 Nxe4 29. b4 Ra3 30. Rxf7 Bxh2+ 31. Kxh2 Rxd3 32. Ba7 Rb3 33. b5+
Kd6 34. Rxh7 Nf6 35. Rf7 Ng4+ 36. Kg1 e5 37. Kf1 Ke6 38. Rf8 Rb2 39. Bc5 Nf6
40. Kg1 g5 41. Kh2 g4 42. Ba7 Rb4 43. Rc8 Ne4 44. Bb8 Nd2 45. Re8+ Kd7 46. Rxe5
Nxc4 47. Rd5+ Ke6 48. Rh5 Rb3 49. Bg3 Nd2 50. Bf4 Nc4 51. g3 Rb2+ 52. Kg1 Nd2
53. Re5+ Kf6 54. Rc5 Nf3+ 55. Kf1 Ke6 56. Be3 Nd2+ 57. Bxd2 Rxd2 58. b6 Rb2 59.
Rc6+ Kf5 60. Ke1 Ke4 61. Rf6 Ke5 62. Rg6 Ke4 63. Rxg4+ Ke3 64. Kf1 Kf3 65. Rf4+
Kxg3 66. Rf6 Kg4 67. Ke1 Kg5 68. Rc6 Kf5 69. Kd1 Ke5 70. Kc1 Kd5 1/2-1/2

[Event "Kaupthing Open Differdange"]
[Site "Differdange"]
[Date "2007.07.12"]
[Round "7.8"]
[White "Schlosser, Philipp"]
[Black "Lobzhanidze, Davit"]
[Result "1/2-1/2"]
[WhiteElo "2562"]
[BlackElo "2470"]
[PlyCount "136"]
[EventType "swiss"]
[EventCountry "LUX"]

1. Nf3 Nf6 2. c4 e6 3. g3 d5 4. Bg2 Be7 5. O-O O-O 6. d4 c6 7. Qc2 Nbd7 8. Rd1
b6 9. b3 Ba6 10. Nbd2 c5 11. e4 dxc4 12. Nxc4 cxd4 13. e5 Nd5 14. Rxd4 Rc8 15.
Qe4 b5 16. Ne3 Nc3 17. Qd3 Nxe5 18. Rxd8 Nxd3 19. Rxd3 Ne2+ 20. Kh1 Rxc1+ 21.
Rxc1 Nxc1 22. Rd7 Bc5 23. Rd2 Bb6 24. Ne5 Rd8 25. Nd7 Bc8 26. Nxb6 Rxd2 27.
Nxc8 Rxa2 28. b4 Kf8 29. f4 a6 30. Na7 Re2 31. Nf1 Nd3 32. Nc6 Rb2 33. Kg1 Nxb4
34. Nd4 Nd3 35. Ne3 a5 36. Bf1 Ne1 37. Bxb5 Rb4 38. Kf2 Rxd4 39. Kxe1 Rb4 40.
Bd3 a4 41. Nc2 Rb3 42. Kd2 a3 43. Bc4 Rf3 44. Be2 Rf2 45. Nxa3 Rxh2 46. Ke3 h5
47. Nc4 Rh3 48. Kf2 h4 49. gxh4 Rxh4 50. Kg3 Rh1 51. Bf3 Rg1+ 52. Kf2 Rc1 53.
Ne5 f6 54. Nc6 Ra1 55. Nd4 Ke7 56. Bg4 Ra6 57. Ke3 Ra3+ 58. Kf2 Ra6 59. Ke3 f5
60. Be2 Ra4 61. Bb5 Ra3+ 62. Bd3 Kf6 63. Nf3 Ra4 64. Nd4 g6 65. Nf3 Ra3 66. Kd4
Ra8 67. Ke3 Ra4 68. Bc2 Ra3+ 1/2-1/2

[Event "Kaupthing Open Differdange"]
[Site "Differdange"]
[Date "2007.07.12"]
[Round "7.10"]
[White "Nezar, Mustapha"]
[Black "Feller, Sebastien"]
[Result "1/2-1/2"]
[WhiteElo "2417"]
[BlackElo "2478"]
[PlyCount "118"]
[EventType "swiss"]
[EventCountry "LUX"]

1. e4 c6 2. d4 d5 3. Nc3 dxe4 4. Nxe4 Bf5 5. Ng3 Bg6 6. Nf3 Nf6 7. Bc4 Nbd7 8.
Qe2 e6 9. c3 Be7 10. Nh4 Nd5 11. Nxg6 hxg6 12. Ne4 Qc7 13. g3 O-O-O 14. Ng5
Rdf8 15. Nf3 Qa5 16. Bd2 N5b6 17. Bb3 Qh5 18. O-O-O Rd8 19. h4 c5 20. Rhe1 cxd4
21. Nxd4 Qxe2 22. Rxe2 Nc5 23. Bc2 Bf6 24. Bf4 Nd5 25. Be5 a6 26. Nf3 Nd7 27.
Bxf6 gxf6 28. Rd4 Ne7 29. Rc4+ Kb8 30. Rd4 Kc7 31. Rd1 Nc5 32. Red2 Rxd2 33.
Rxd2 Nc6 34. b4 Nd7 35. Kb2 Nde5 36. Nxe5 Nxe5 37. Bb3 g5 38. hxg5 Nf3 39. Re2
fxg5 40. Re3 Nd2 41. Kc2 Nxb3 42. Kxb3 Rh2 43. Rf3 f5 44. a4 Kd6 45. Kc4 g4 46.
Rd3+ Kc7 47. f4 Re2 48. a5 Kc6 49. Kb3 e5 50. fxe5 Rxe5 51. c4 Re2 52. Kc3 Rf2
53. Kb3 f4 54. gxf4 Rxf4 55. Kc3 Re4 56. Rd8 Re3+ 57. Kd4 Rb3 58. Rg8 Rxb4 59.
Rg6+ Kc7 1/2-1/2

[Event "Kaupthing Open Differdange"]
[Site "Differdange"]
[Date "2007.07.12"]
[Round "7.11"]
[White "Jansa, Vlastimil"]
[Black "Steingrimsson, Hedinn"]
[Result "0-1"]
[WhiteElo "2494"]
[BlackElo "2470"]
[PlyCount "100"]
[EventType "swiss"]
[EventCountry "LUX"]

1. e4 c5 2. Nf3 d6 3. d4 cxd4 4. Nxd4 Nf6 5. Nc3 a6 6. Be2 e5 7. Nb3 Be7 8. O-O
O-O 9. Be3 Be6 10. Qd2 Nbd7 11. a4 Rc8 12. a5 Qc7 13. Rfd1 Nc5 14. Nxc5 dxc5
15. f3 Rfd8 16. Qe1 Rxd1 17. Qxd1 c4 18. Na4 Nd7 19. Qe1 h6 20. Kf1 Kh8 21. Nb6
Nxb6 22. Bxb6 Qc6 23. c3 Kg8 24. Bd1 Bc5 25. Ba4 Qd6 26. Rd1 Qe7 27. Qd2 Bxb6
28. axb6 Qc5 29. Qf2 Qxf2+ 30. Kxf2 Kf8 31. Ke3 Ke7 32. f4 exf4+ 33. Kxf4 Rc5
34. e5 Ra5 35. Bc2 Rb5 36. Be4 Rxb6 37. Rd2 Rb5 38. h4 a5 39. g3 b6 40. Bf3 Rc5
41. Be4 b5 42. Bf5 g5+ 43. hxg5 hxg5+ 44. Kxg5 Rxe5 45. g4 a4 46. Kf4 Re1 47.
Rh2 Ra1 48. Re2 a3 49. bxa3 Rxa3 50. Bxe6 fxe6 {
The remaining moves are illegible (62 moves).} 0-1

[Event "Kaupthing Open Differdange"]
[Site "Differdange"]
[Date "2007.07.12"]
[Round "7.12"]
[White "Wirig, Anthony"]
[Black "Zozulia, Anna"]
[Result "1/2-1/2"]
[WhiteElo "2487"]
[BlackElo "2328"]
[PlyCount "101"]
[EventType "swiss"]
[EventCountry "LUX"]

1. d4 Nf6 2. Nf3 g6 3. c4 Bg7 4. g3 O-O 5. Bg2 d6 6. O-O Nc6 7. Nc3 a6 8. h3
Rb8 9. e4 e5 10. dxe5 dxe5 11. Be3 Be6 12. c5 Qxd1 13. Rfxd1 Rfd8 14. Ng5 Nd4
15. Nxe6 fxe6 16. Rd2 Bf8 17. Na4 b5 18. cxb6 cxb6 19. Rad1 b5 20. Nc3 Nc6 21.
Rxd8 Rxd8 22. Rxd8 Nxd8 23. a4 b4 24. Nb1 Nb7 25. Bf1 Nc5 26. Bxc5 Bxc5 27. Nd2
a5 28. b3 Bb6 29. Bb5 Kf7 30. Bc6 Bc7 31. Kf1 Ng8 32. Ke2 Ke7 33. Nc4 Nh6 34.
Nb2 Kd6 35. Be8 Ng8 36. Bb5 Ne7 37. Kd3 Nc8 38. Nc4+ Ke7 39. Ba6 Nb6 40. Nxa5
Nxa4 41. bxa4 Bxa5 42. Bc4 Kd6 43. Bb3 g5 44. Kc4 Kc6 45. g4 h6 46. Bd1 Kb6 47.
Bc2 Kc6 48. Bb3 Kb6 49. Kd3 Kc5 50. Bxe6 Bc7 51. Bb3 1/2-1/2

[Event "Kaupthing Open Differdange"]
[Site "Differdange"]
[Date "2007.07.12"]
[Round "7.13"]
[White "Rohit, Goginenni"]
[Black "Bergsson, Snorri"]
[Result "1-0"]
[WhiteElo "2470"]
[BlackElo "2301"]
[PlyCount "93"]
[EventType "swiss"]
[EventCountry "LUX"]

1. e4 c6 2. d4 d5 3. Nc3 dxe4 4. Nxe4 Bf5 5. Ng3 Bg6 6. h4 h6 7. Nf3 Nd7 8. h5
Bh7 9. Bd3 Bxd3 10. Qxd3 e6 11. Bf4 Ngf6 12. O-O-O Qa5 13. Kb1 Be7 14. Ne4 Nxe4
15. Qxe4 Nf6 16. Qe5 Qb5 17. Rd3 Rd8 18. Qe1 Nd5 19. Bd2 Bd6 20. Qc1 Nb6 21.
Bf4 O-O 22. b3 Bxf4 23. Qxf4 Nd5 24. Qd2 Nf6 25. Ne5 Qd5 26. f3 b5 27. g4 Nh7
28. Re1 Rfe8 29. f4 f6 30. Nf3 Qd7 31. g5 hxg5 32. fxg5 Nxg5 33. Nxg5 fxg5 34.
Qxg5 Qd5 35. Re5 Qh1+ 36. Kb2 Rd7 37. Rg3 Qd1 38. Re4 Rf8 39. Rg1 Rf1 40. Rxf1
Qxf1 41. Rxe6 Qf7 42. Qe5 Rd5 43. Qe4 Qf5 44. Qxf5 Rxf5 45. Re5 Rf6 46. Kc3 Kf7
47. Kb4 1-0

[Event "Kaupthing Open Differdange"]
[Site "Differdange"]
[Date "2007.07.12"]
[Round "7.14"]
[White "Vatter, Hans Joachim"]
[Black "Gaponenko, Inna"]
[Result "1/2-1/2"]
[WhiteElo "2319"]
[BlackElo "2458"]
[PlyCount "38"]
[EventType "swiss"]
[EventCountry "LUX"]

1. e4 c5 2. c3 d5 3. exd5 Qxd5 4. d4 cxd4 5. cxd4 Nc6 6. Nf3 e5 7. Nc3 Bb4 8.
Bd2 Bxc3 9. Bxc3 e4 10. Ne5 Nxe5 11. dxe5 Ne7 12. Qe2 O-O 13. Rd1 Qxa2 14. Qxe4
Bf5 15. Qxb7 Rad8 16. Qxe7 Rxd1+ 17. Kxd1 Qb1+ 18. Kd2 Qc2+ 19. Ke1 Qb1+
1/2-1/2

[Event "Kaupthing Open Differdange"]
[Site "Differdange"]
[Date "2007.07.12"]
[Round "7.15"]
[White "Michiels, Bart"]
[Black "Sorm, Daniel"]
[Result "1-0"]
[WhiteElo "2454"]
[BlackElo "2250"]
[PlyCount "69"]
[EventType "swiss"]
[EventCountry "LUX"]

1. e4 c5 2. Nf3 Nc6 3. d4 cxd4 4. Nxd4 Nf6 5. Nc3 d6 6. Bc4 e6 7. O-O Be7 8.
Be3 O-O 9. Bb3 Nxd4 10. Bxd4 b5 11. a3 Bb7 12. Qd3 a5 13. Bxf6 Bxf6 14. Nxb5 a4
15. Ba2 Ba6 16. c4 Qb6 17. Rab1 Bxb5 18. cxb5 Bd4 19. Qe2 Rfc8 20. Bc4 Qc5 21.
Bd3 Qe5 22. g3 Rab8 23. Kg2 Rc5 24. Rfd1 Qf6 25. Rd2 g6 26. b3 Bc3 27. Rc2 Qd4
28. b4 Rc7 29. Rbc1 Rbc8 30. Qe3 e5 31. b6 Rc6 32. b7 Rf8 33. Be2 Bb2 34. Rxc6
Bxc1 35. Qxd4 1-0

[Event "Kaupthing Open Differdange"]
[Site "Differdange"]
[Date "2007.07.12"]
[Round "7.16"]
[White "Wehmeier, Stefan"]
[Black "Brittner, Serge"]
[Result "1-0"]
[WhiteElo "2417"]
[BlackElo "2294"]
[PlyCount "89"]
[EventType "swiss"]
[EventCountry "LUX"]

1. e4 e6 2. d4 d5 3. Nc3 Bb4 4. e5 c5 5. a3 Bxc3+ 6. bxc3 Ne7 7. Qg4 O-O 8. Nf3
Nbc6 9. Bd3 f5 10. exf6 Rxf6 11. Bg5 e5 12. Bxh7+ Kxh7 13. Qh5+ Kg8 14. Bxf6
gxf6 15. dxe5 Nxe5 16. Nxe5 fxe5 17. Qxe5 Ng6 18. Qe3 Qe7 19. Qxe7 Nxe7 20.
O-O-O Be6 21. Rhe1 Kf7 22. c4 d4 23. Re5 Rc8 24. Rde1 Rc6 25. h4 Ng6 26. R5e4
Bf5 27. Re8 Be6 28. Rb8 Nxh4 29. Rxb7+ Kf6 30. g3 Nf3 31. Re4 Ne5 32. Rxa7 Nxc4
33. a4 Bf5 34. Ree7 Bg6 35. f4 Rd6 36. g4 Bxc2 37. Rf7+ Kg6 38. Rg7+ Kh6 39.
Kxc2 d3+ 40. Kc3 d2 41. Rh7+ Kg6 42. Rag7+ Kf6 43. Rd7 Kg6 44. Rxd6+ Nxd6 45.
Rh1 1-0

[Event "Kaupthing Open Differdange"]
[Site "Differdange"]
[Date "2007.07.12"]
[Round "7.18"]
[White "Valuet, Bertrand"]
[Black "Van Dooren, Dirk"]
[Result "1/2-1/2"]
[WhiteElo "2303"]
[BlackElo "2331"]
[PlyCount "109"]
[EventType "swiss"]
[EventCountry "LUX"]

1. d4 d5 2. c4 e6 3. Nc3 c6 4. e4 dxe4 5. Nxe4 Bb4+ 6. Bd2 Qxd4 7. Bxb4 Qxe4+
8. Be2 Na6 9. Bc3 Ne7 10. Nf3 f6 11. O-O Kf7 12. Nd2 Qf4 13. Bh5+ Ng6 14. g3
Qc7 15. f4 Rd8 16. Qc2 Qb6+ 17. Kh1 Nb4 18. Qb1 Nd3 19. Ne4 Qe3 20. Nd2 Kg8 21.
Rf3 Qe2 22. Qf1 Qxf1+ 23. Nxf1 e5 24. f5 e4 25. Rxd3 Rxd3 26. fxg6 Be6 27. Re1
Bxc4 28. gxh7+ Kxh7 29. Be2 Rxc3 30. bxc3 Bxa2 31. c4 b6 32. Nd2 Rd8 33. Nxe4
Rd4 34. c5 Bd5 35. Bf3 b5 36. Bg2 a5 37. Kg1 a4 38. Kf2 Kg6 39. Ke3 Rc4 40. Nd6
Rxc5 41. Kd4 Rc2 42. Bxd5 cxd5 43. Nxb5 Rxh2 44. Kxd5 Rg2 45. Re3 Kf5 46. Nd6+
Kg4 47. Re4+ Kxg3 48. Rxa4 Kf3 49. Ke6 Rd2 50. Nf5 g5 51. Kxf6 g4 52. Kg5 Rd8
53. Rf4+ Ke2 54. Kxg4 Rg8+ 55. Kh5 1/2-1/2

[Event "Kaupthing Open Differdange"]
[Site "Differdange"]
[Date "2007.07.12"]
[Round "7.20"]
[White "Kasparov, Sergey"]
[Black "Jaenig, Reinhard"]
[Result "1-0"]
[WhiteElo "2500"]
[BlackElo "2169"]
[PlyCount "61"]
[EventType "swiss"]
[EventCountry "LUX"]

1. e4 c5 2. Nf3 e6 3. d4 cxd4 4. Nxd4 a6 5. Bd3 Bc5 6. Nb3 Ba7 7. O-O d6 8. Qe2
Nf6 9. Be3 Bxe3 10. Qxe3 O-O 11. N1d2 b5 12. a4 b4 13. a5 Bb7 14. Rfd1 Nc6 15.
Nc4 Qc7 16. Qb6 Qxb6 17. axb6 Rfd8 18. Nca5 Nxa5 19. Nxa5 Rdb8 20. Ra4 d5 21.
f3 Nd7 22. Rxb4 Kf8 23. exd5 exd5 24. Bf5 Nf6 25. Rd3 g6 26. Bh3 h5 27. Rc3 d4
28. Rc7 Nd5 29. Rxd4 Nxc7 30. bxc7 Rc8 31. Bxc8 1-0

[Event "Kaupthing Open Differdange"]
[Site "Differdange"]
[Date "2007.07.12"]
[Round "7.22"]
[White "Mamedjarova, Zeinab"]
[Black "Daubenfeld, Gilles"]
[Result "1/2-1/2"]
[WhiteElo "2384"]
[BlackElo "2158"]
[PlyCount "136"]
[EventType "swiss"]
[EventCountry "LUX"]

1. d4 Nf6 2. c4 g6 3. Nf3 Bg7 4. g3 d5 5. Bg2 dxc4 6. Qa4+ Nfd7 7. Qxc4 Nc6 8.
e3 O-O 9. O-O Nb6 10. Qe2 e5 11. dxe5 Nxe5 12. Nxe5 Bxe5 13. f4 Bg7 14. e4 Qd4+
15. Kh1 Be6 16. Rd1 Qc4 17. Qf2 Rad8 18. Re1 Bd4 19. Qf3 f5 20. Nc3 Bxc3 21.
Qxc3 Qxc3 22. bxc3 fxe4 23. Ba3 Rf7 24. Bxe4 Bd5 25. Bc5 Bxe4+ 26. Rxe4 Nd5 27.
Rae1 Nf6 28. Re6 Nd5 29. c4 Nb6 30. Re8+ Rxe8 31. Rxe8+ Kg7 32. Bd4+ Kh6 33. c5
Nd5 34. c6 bxc6 35. Bxa7 Nb6 36. Re6 Rd7 37. Rxc6 Rd1+ 38. Kg2 Rd2+ 39. Kh3
Rxa2 40. Rxc7 Nd5 41. Rd7 Nf6 42. Rf7 Ne4 43. g4 g5 44. f5 Rd2 45. Re7 Nf6 46.
Be3 Rd3 47. Kg3 Nd5 48. Re6+ Kg7 49. Kf3 Nxe3 50. Rxe3 Rd2 51. Re7+ Kh6 52. Re2
Rd4 53. Re3 Kg7 54. Kg3 Rd1 55. h4 Rg1+ 56. Kf3 gxh4 57. Kf4 h5 58. g5 Rg4+ 59.
Ke5 Rxg5 60. Ke6 Rg3 61. Re4 h3 62. Ke7 Rf3 63. Ke6 h2 64. Rh4 Re3+ 65. Kd6 Re2
66. Rxh5 Kf6 67. Kd5 Re1 68. Rxh2 Kxf5 1/2-1/2

[Event "Kaupthing Open Differdange"]
[Site "Differdange"]
[Date "2007.07.12"]
[Round "7.24"]
[White "Goriachnik, Dmitry"]
[Black "Christen, Pierre"]
[Result "1-0"]
[WhiteElo "2301"]
[BlackElo "2060"]
[PlyCount "95"]
[EventType "swiss"]
[EventCountry "LUX"]

1. d4 d5 2. c4 c6 3. Nc3 Nf6 4. Nf3 dxc4 5. a4 Na6 6. e3 Bg4 7. Bxc4 e6 8. Bxa6
bxa6 9. h3 Bxf3 10. Qxf3 Rc8 11. O-O Bb4 12. Na2 a5 13. Nxb4 axb4 14. a5 O-O
15. Bd2 Qd6 16. Rfc1 Rfd8 17. Rc4 c5 18. Be1 cxd4 19. Rxd4 Qe5 20. Rxb4 Nd5 21.
Rb7 Rc7 22. Rxc7 Qxc7 23. Qe4 a6 24. b4 Nf6 25. Qb1 Qc4 26. Qc1 Qb5 27. Qc7 Rb8
28. Rc1 h6 29. Qc4 Qb7 30. Qc6 Nd5 31. Qxb7 Rxb7 32. e4 Nc7 33. Rc6 Kf8 34. Rb6
Ra7 35. Bc3 Nb5 36. Bb2 g6 37. Bf6 Ke8 38. Kf1 Kd7 39. Ke2 Nd6 40. Bd4 Ra8 41.
e5 Nb5 42. Bc5 Kc8 43. Kd3 Nc7 44. Kc4 Nd5 45. Rd6 Nc7 46. Bb6 Nd5 47. Kc5 Nf4
48. Kc6 1-0

[Event "Kaupthing Open Differdange"]
[Site "Differdange"]
[Date "2007.07.12"]
[Round "7.25"]
[White "Mamedjarova, Turkan"]
[Black "Linster, Philippe"]
[Result "1-0"]
[WhiteElo "2254"]
[BlackElo "2053"]
[PlyCount "73"]
[EventType "swiss"]
[EventCountry "LUX"]

1. d4 Nf6 2. Nf3 c5 3. d5 d6 4. c4 e5 5. dxe6 Bxe6 6. e3 g6 7. Nc3 Nc6 8. Be2
Bg7 9. O-O O-O 10. Ng5 Bc8 11. Nge4 Nxe4 12. Nxe4 Qb6 13. Nxd6 Be6 14. Qb3 Nb4
15. Ne4 Bf5 16. Nd2 Bc2 17. Qa3 Rad8 18. Nb3 Bf5 19. Qa4 Nc2 20. Rb1 Nb4 21. e4
Bxe4 22. Be3 Bd4 23. Bxd4 cxd4 24. c5 Qe6 25. Rbe1 Nc2 26. Bd3 Nxe1 27. Rxe1
Bxd3 28. Rxe6 fxe6 29. Nd2 Rfe8 30. Qxa7 Ba6 31. h3 e5 32. c6 e4 33. c7 Rc8 34.
Qxd4 Rxc7 35. Nxe4 Rec8 36. Nf6+ Kf7 37. Nxh7 1-0

[Event "Kaupthing Open Differdange"]
[Site "Differdange"]
[Date "2007.07.12"]
[Round "7.26"]
[White "Berend, Elvira S"]
[Black "Stull, Norbert"]
[Result "1-0"]
[WhiteElo "2340"]
[BlackElo "2134"]
[PlyCount "48"]
[EventType "swiss"]
[EventCountry "LUX"]

1. e4 c5 2. Nf3 e6 3. Nc3 Nc6 4. Bb5 Nge7 5. O-O a6 6. Bxc6 Nxc6 7. d4 cxd4 8.
Nxd4 Be7 9. Be3 O-O 10. Nxc6 bxc6 11. e5 Rb8 12. Rb1 d5 13. exd6 Bxd6 14. Qh5
Rb4 15. f4 f5 16. Qe2 Qc7 17. a3 Rb8 18. Qc4 Re8 19. Bc5 Bxc5+ 20. Qxc5 Rd8 21.
Rf2 a5 22. b3 Qb6 23. Qxb6 Rxb6 24. Na4 Kf7 1-0

[Event "Kaupthing Open Differdange"]
[Site "Differdange"]
[Date "2007.07.12"]
[Round "7.27"]
[White "Barthel, Ansgar"]
[Black "Wagener, Claude"]
[Result "1-0"]
[WhiteElo "2182"]
[BlackElo "2307"]
[PlyCount "62"]
[EventType "swiss"]
[EventCountry "LUX"]

1. e4 c5 2. b3 d6 3. Bb2 e6 4. Nf3 Nc6 5. d4 cxd4 6. Nxd4 Nf6 7. Nxc6 bxc6 8.
e5 Ne4 9. Bd3 Qa5+ 10. Nd2 Nxd2 11. Qxd2 Qxd2+ 12. Kxd2 d5 13. c4 Be7 14. f4
O-O 15. Rac1 a5 16. cxd5 cxd5 17. Rc7 Bd8 18. Rc2 a4 19. b4 a3 20. Bd4 f6 21.
Rhc1 Bd7 22. b5 Ra4 23. Bc5 Ba5+ 24. Ke2 Rb8 25. Bd6 Re8 26. Rc7 Bxc7 27. Rxc7
Bc8 28. exf6 gxf6 29. Bxh7+ Kh8 30. Bg6 Rd8 31. Be7 Rd7 1-0

[Event "Kaupthing Open Differdange"]
[Site "Differdange"]
[Date "2007.07.12"]
[Round "7.29"]
[White "Schweitzer, Viktoriya"]
[Black "Ristic, Alexandre"]
[Result "1-0"]
[WhiteElo "2243"]
[BlackElo "2094"]
[PlyCount "75"]
[EventType "swiss"]
[EventCountry "LUX"]

1. e4 a6 2. f4 d5 3. e5 c5 4. Nf3 Nc6 5. c3 Bg4 6. Be2 h5 7. d3 e6 8. Be3 Bxf3
9. Bxf3 g6 10. Nd2 Nh6 11. Bf2 Nf5 12. g3 Rc8 13. O-O b5 14. b3 g5 15. Bxh5
gxf4 16. gxf4 Bh6 17. Bg3 b4 18. cxb4 cxb4 19. Rf2 Qb6 20. Nf1 Rg8 21. Bg4 Ncd4
22. Bxf5 Nxf5 23. Rc1 Rc3 24. Qd2 Qd4 25. Rd1 Kd7 26. Kg2 Rg6 27. Kh3 Rc8 28.
Kg2 Rg4 29. Kh1 Rh8 30. Rc1 Nxg3+ 31. Nxg3 Rh7 32. Nh5 Bg7 33. Qc2 Qe3 34. Qd1
Qd4 35. Rcc2 f5 36. exf6 Rh4 37. Rc7+ Kd8 38. Rc8+ 1-0

[Event "Kaupthing Open Differdange"]
[Site "Differdange"]
[Date "2007.07.12"]
[Round "7.32"]
[White "Mertens, Marc"]
[Black "Wagner, Steven"]
[Result "1-0"]
[WhiteElo "2207"]
[BlackElo "2120"]
[PlyCount "140"]
[EventType "swiss"]
[EventCountry "LUX"]

1. e4 e6 2. d4 d5 3. Nd2 Nf6 4. e5 Nfd7 5. c3 c5 6. Bd3 Nc6 7. Ne2 b6 8. f4 c4
9. Bc2 g6 10. O-O Bb7 11. Nf3 Be7 12. b3 Qc7 13. Nd2 Na5 14. b4 Nc6 15. a4 a6
16. Nf3 Na7 17. Be3 O-O-O 18. Bf2 Rdg8 19. Bh4 Qd8 20. Bxe7 Qxe7 21. Rf2 Kb8
22. g3 Nc8 23. h3 Qf8 24. Qd2 Ne7 25. Rh2 h6 26. Rf1 Nc8 27. Rff2 f5 28. exf6
Nxf6 29. Ne5 Qe8 30. Qe3 Nd6 31. g4 Nfe4 32. Rf1 h5 33. Ng3 Qe7 34. Nxe4 dxe4
35. Rff2 Rg7 36. Rfg2 Qf6 37. Qg3 h4 38. Qe3 Bd5 39. Rf2 Kb7 40. Rf1 Rhg8 41.
Rhf2 Nf5 42. Qc1 e3 43. Rh2 Ng3 44. Re1 e2 45. Rf2 Rf8 46. Qe3 Rgg8 47. Bb1 Ka7
48. Ba2 Rc8 49. Bb1 Ba8 50. g5 Qe7 51. Nxg6 Qb7 52. Rh2 Nf1 53. Rxf1 exf1=Q+
54. Kxf1 Qd7 55. Bc2 Qf7 56. Ne5 Qh5 57. Rf2 Qe8 58. Ke1 a5 59. bxa5 bxa5 60.
d5+ Ka6 61. d6 Bc6 62. Nxc4 Rg7 63. Qc5 Rg8 64. Qe3 Rb8 65. Qc5 Bb5 66. axb5+
Rxb5 67. Qd4 Qc6 68. Bd3 Qh1+ 69. Rf1 Qxh3 70. Na3 Qg3+ 1-0

[Event "Kaupthing Open Differdange"]
[Site "Differdange"]
[Date "2007.07.12"]
[Round "7.33"]
[White "Smokina, Karolina"]
[Black "Penzel, Nils"]
[Result "1/2-1/2"]
[WhiteElo "2205"]
[BlackElo "2002"]
[PlyCount "86"]
[EventType "swiss"]
[EventCountry "LUX"]

1. d4 Nf6 2. c4 g6 3. Nc3 Bg7 4. e4 d6 5. Bd3 O-O 6. Nge2 c5 7. d5 a6 8. a4 e5
9. Bg5 Qc7 10. Qd2 Ne8 11. f3 f5 12. exf5 gxf5 13. Qc2 h6 14. Bh4 Qf7 15. a5
Bf6 16. Bxf6 Qxf6 17. O-O-O Qd8 18. Qa4 Nd7 19. g4 e4 20. fxe4 fxg4 21. Rdf1
Rxf1+ 22. Rxf1 Ne5 23. Nf4 Ng7 24. Kb1 Bd7 25. Qc2 Qxa5 26. Ne6 Bxe6 27. dxe6
Qd8 28. e7 Qxe7 29. Nd5 Qh4 30. Rf6 Ne8 31. Rf1 Rd8 32. Be2 Rd7 33. Qd1 Rf7 34.
Rxf7 Kxf7 35. Ne3 h5 36. Nf5 Qxh2 37. Qd5+ Kf6 38. Qxb7 Qxe2 39. Qe7+ Kg6 40.
Nh4+ Kh6 41. Nf5+ Kg6 42. Nh4+ Kh6 43. Nf5+ Kg6 1/2-1/2

[Event "Kaupthing Open Differdange"]
[Site "Differdange"]
[Date "2007.07.12"]
[Round "7.34"]
[White "Wagener, Anna"]
[Black "Steil Antoni, Fiona"]
[Result "1/2-1/2"]
[WhiteElo "2292"]
[BlackElo "2065"]
[PlyCount "68"]
[EventType "swiss"]
[EventCountry "LUX"]

1. e4 e5 2. Nc3 Nf6 3. Bc4 Nc6 4. d3 Bc5 5. f4 d6 6. Nf3 a6 7. f5 b5 8. Bb3 h6
9. a3 Bb7 10. Qe2 Nd4 11. Nxd4 exd4 12. Nd5 Nxd5 13. Bxd5 Bxd5 14. exd5+ Kd7
15. O-O Qf6 16. Qg4 Rae8 17. Bf4 h5 18. Qd1 Qxf5 19. Bxd6 Qxd5 20. Bxc5 Qxc5
21. Rxf7+ Re7 22. Qf3 Rhe8 23. Re1 Rxf7 24. Qxf7+ Re7 25. Rxe7+ Qxe7 26. Qd5+
Kc8 27. Qf5+ Kd8 28. Kf1 Qd6 29. g3 g6 30. Qe4 Qf6+ 31. Ke2 Kd7 32. Qd5+ Ke7
33. Qc5+ Kd7 34. Qd5+ Ke7 1/2-1/2

[Event "Kaupthing Open Differdange"]
[Site "Differdange"]
[Date "2007.07.12"]
[Round "7.35"]
[White "Penzel, Frank"]
[Black "Bednarich, Jan"]
[Result "0-1"]
[WhiteElo "2210"]
[BlackElo "2279"]
[PlyCount "74"]
[EventType "swiss"]
[EventCountry "LUX"]

1. e4 c5 2. Nf3 g6 3. c3 Bg7 4. d4 cxd4 5. cxd4 d5 6. Bb5+ Bd7 7. Bxd7+ Qxd7 8.
exd5 Nf6 9. Ne5 Qxd5 10. O-O Nc6 11. Nxc6 Qxc6 12. Be3 Nd5 13. Qf3 Nxe3 14.
Qxc6+ bxc6 15. fxe3 c5 16. Nc3 cxd4 17. Nb5 O-O 18. Nxd4 Rfd8 19. Rad1 Bf6 20.
b3 Rac8 21. Nf3 Kg7 22. Rfe1 e6 23. Rxd8 Bxd8 24. Rd1 Bb6 25. Kf2 Rc3 26. Re1
Kf6 27. Re2 Rd3 28. Nd2 Bxe3+ 29. Rxe3 Rxd2+ 30. Re2 Rxe2+ 31. Kxe2 Ke5 32. Kd3
Kd5 33. b4 f5 34. a4 e5 35. Kc3 e4 36. g3 g5 37. a5 f4 0-1

[Event "Kaupthing Open Differdange"]
[Site "Differdange"]
[Date "2007.07.12"]
[Round "7.36"]
[White "Boettger, Lukas"]
[Black "Graf, Felix"]
[Result "0-1"]
[WhiteElo "2109"]
[BlackElo "2273"]
[PlyCount "72"]
[EventType "swiss"]
[EventCountry "LUX"]

1. d4 e6 2. c4 Nf6 3. Nc3 Bb4 4. e3 c5 5. Nge2 b6 6. a3 Ba5 7. Rb1 Na6 8. Bd2
O-O 9. Nf4 Bxc3 10. Bxc3 d6 11. Be2 Bb7 12. f3 Nc7 13. O-O Qe7 14. Nd3 Rad8 15.
b4 cxd4 16. exd4 b5 17. c5 Nfd5 18. Bd2 Qf6 19. Qc2 Qxd4+ 20. Kh1 Ba8 21. Rfe1
dxc5 22. Nxc5 Nf4 23. Bxf4 Qxf4 24. Bd3 g6 25. Qe2 a6 26. Qe5 Qxe5 27. Rxe5 Rd4
28. Kg1 Rfd8 29. Kf2 Kg7 30. Rbe1 Rxd3 31. Nxd3 Rxd3 32. R5e3 Rxe3 33. Kxe3 e5
34. g3 Nd5+ 35. Kf2 Kf6 36. Rc1 Bb7 0-1

[Event "Kaupthing Open Differdange"]
[Site "Differdange"]
[Date "2007.07.12"]
[Round "7.37"]
[White "Boos, Markus"]
[Black "Weller, Manuel"]
[Result "1-0"]
[WhiteElo "2216"]
[BlackElo "1958"]
[PlyCount "77"]
[EventType "swiss"]
[EventCountry "LUX"]

1. Nf3 c5 2. e4 e6 3. d3 Nc6 4. g3 d6 5. Bg2 Nge7 6. h4 e5 7. c3 Bg4 8. Qb3 Na5
9. Qa4+ b5 10. Qc2 Qd7 11. Be3 Rc8 12. Nbd2 g6 13. O-O Bg7 14. Nh2 Be6 15. Ndf3
f6 16. Qd2 h6 17. b4 cxb4 18. cxb4 Nac6 19. a4 a6 20. axb5 axb5 21. d4 d5 22.
dxe5 dxe4 23. Nd4 Nxd4 24. Qxd4 Qxd4 25. Bxd4 fxe5 26. Bc5 Bd5 27. Ra7 Bf8 28.
Ng4 Kf7 29. Nxe5+ Ke6 30. Nd7 Nf5 31. Nxf8+ Rcxf8 32. Ra6+ Ke5 33. Bxf8 Rxf8
34. Rxg6 Bf7 35. Rb6 Bc4 36. Re1 Nd6 37. Bf1 Kd5 38. Rd1+ Bd3 39. Bxd3 1-0

[Event "Kaupthing Open Differdange"]
[Site "Differdange"]
[Date "2007.07.12"]
[Round "7.38"]
[White "Funke, Reinhard"]
[Black "Priewasser, Joerg"]
[Result "1/2-1/2"]
[WhiteElo "2236"]
[BlackElo "2022"]
[PlyCount "69"]
[EventType "swiss"]
[EventCountry "LUX"]

1. d4 Nf6 2. c4 d6 3. Nf3 g6 4. g3 Bg7 5. Bg2 O-O 6. O-O Nc6 7. Nc3 e5 8. d5
Ne7 9. e4 Nd7 10. Ne1 f5 11. Nd3 h6 12. f4 exf4 13. Bxf4 fxe4 14. Nxe4 Nf5 15.
Qd2 g5 16. g4 gxf4 17. gxf5 Ne5 18. f6 Bxf6 19. Nxf4 Bg7 20. Nh5 Bf5 21. Nxg7
Kxg7 22. Qd4 Bxe4 23. Bxe4 Qg5+ 24. Kh1 Kh8 25. c5 Rf4 26. Rxf4 Qxf4 27. cxd6
cxd6 28. Re1 b6 29. Qc3 Qf2 30. Qg3 Qxg3 31. hxg3 Rc8 32. Kg2 Kg7 33. Kf2 Ng4+
34. Kg2 Nf6 35. Bf5 1/2-1/2